000 00750cam a22002773a 4500
001 3702
003 PGUSA
005 20140828083037.0
008 030201s2003||||xxu|||||s|||||000 1 eng d
040 _aPGUSA
_beng
042 _adc
050 4 _aPR
100 1 _aBoucicault, Dion,
_d1820-1890
245 1 0 _aFoul Play
_h[electronic resource] /
_cDion Boucicault
260 _bProject Gutenberg,
_c2003
506 _aPublic domain in the USA.
516 _aElectronic text
653 _aClergy -- Fiction
653 _aForgers -- Fiction
653 _aLove stories
653 _aShipwrecks -- Fiction
653 _aIslands -- Fiction
830 0 _aProject Gutenberg
_v3702
856 4 0 _uhttp://www.gutenberg.org/ebooks/3702
942 _cEB
999 _c233031
_d233031